| 000 | 01178cam a2200301 4500 | ||
|---|---|---|---|
| 001 | 22561 | ||
| 003 | BD-RjUL | ||
| 005 | 20211209000824.0 | ||
| 008 | 140308r19521927enka 001 0 grc | ||
| 035 | _a(BD-RjUL)22626 | ||
| 040 |
_aDLC _beng _cDLC _dBD-RjUL |
||
| 041 | 0 | _agreeng | |
| 082 | 0 | 4 |
_a884 _bLYR 1952 |
| 245 | 0 | 0 |
_aLyra graeca : _bbeing the remains of all the Greek lyric poets from Eumelus to Timotheus excepting Pindar / _cnewly edited and translated by J.M. Edmonds, in three volumes _nVolume-3 |
| 250 | _aRev. ed | ||
| 260 |
_aLondon ; _bHeinemann ; _aCambridge, Mass : _bHarvard University Press, _c1927 [reprinted 1952]. |
||
| 300 |
_aV-3 ( 719 p.) : _bfrontis ; _c17 cm. |
||
| 500 | _aGreek and English on opposite pages | ||
| 500 | _aReprinted from the 1940 revised edition | ||
| 650 | 0 |
_aEnglish poetry _xTranslations from Greek _969635 |
|
| 650 | 0 |
_aGreek poetry _xCollections _969636 |
|
| 650 | 0 |
_aGreek poetry _xHistory and criticism _966706 |
|
| 650 | 0 |
_aGreek poetry _vTranslations into English _966705 |
|
| 650 | 0 |
_aLyric poetry. _954202 |
|
| 700 | 1 |
_aEdmonds, J. M. _q(John Maxwell) _969637 |
|
| 830 | 0 |
_aLoeb classical library _969666 |
|
| 942 |
_2ddc _cBK |
||
| 999 |
_c22561 _d22561 |
||